000 00700nam a22002177a 4500
005 20170124110236.0
010 _aB-017740
020 _c00.00
_a8176482064
035 _aB-017740
037 _bCen Lib/Ret
040 _aDPL
_bEN
082 _a687.11202
_bJEW
100 _aJewel, Raul
_941064
245 _aEncyclopaedia of dress making /
_cby Raul Jewe
260 _aNew Delhi
_bA.P.H. Publishing Corporation
_c2000
270 _bNew Delhi
_a5, Ansari Road, Darya Ganj
_e110002
300 _axiv,652p. :
_c25m(Hb)
_bill.
650 _aDressmaking -- Handbooks, manuals, etc
_9105239
650 _aSewing -- Handbooks, manuals, etc
_9105240
942 _2ddc
_cEN
_h687.11202
_mJEW
999 _c134891
_d134891